Materials for electrochemical energy conversion and storage : (Record no. 355560)

000 -LEADER
fixed length control field 01893cam a22003737a 4500
001 - CONTROL NUMBER
control field 13515997
003 - CONTROL NUMBER IDENTIFIER
control field Nust- CAS-E
005 - DATE AND TIME OF LATEST TRANSACTION
control field 20180118181405.0
008 - FIXED-LENGTH DATA ELEMENTS--GENERAL INFORMATION
fixed length control field 040309s2002 ohua b 101 0 eng d
010 ## - LIBRARY OF CONGRESS CONTROL NUMBER
LC control number 2004297105
020 ## - INTERNATIONAL STANDARD BOOK NUMBER
International Standard Book Number 1574981358
020 ## - INTERNATIONAL STANDARD BOOK NUMBER
International Standard Book Number 9781574981353
035 ## - SYSTEM CONTROL NUMBER
System control number (OCoLC)ocm49693209
040 ## - CATALOGING SOURCE
Original cataloging agency GZM
Transcribing agency GZM
Modifying agency KUK
-- OCLCQ
-- DLC
042 ## - AUTHENTICATION CODE
Authentication code lccopycat
050 00 - LIBRARY OF CONGRESS CALL NUMBER
Classification number TK2896
Item number .M36 2002
082 ## - DEWEY DECIMAL CLASSIFICATION NUMBER
Classification number 621.312429
Author Mark MAT 2002
245 00 - TITLE STATEMENT
Title Materials for electrochemical energy conversion and storage :
Remainder of title papers from the Electrochemical Materials, Processes, and Devices symposium at the 102nd Annual Meeting of The American Ceramic Society, held April 29-May 3, 2000, in St. Louis, Missouri, and the Materials for Electrochemical Energy Conversion and Storage Symposium at the 103rd Annual Meeting of The American Ceramic Society, held April 22-25, 2001, in Indianapolis, Indiana, USA /
Statement of responsibility, etc. edited by Arumugam Manthiram ... [et al.].
260 ## - PUBLICATION, DISTRIBUTION, ETC.
Place of publication, distribution, etc. Westerville, Ohio :
Name of publisher, distributor, etc. The American Ceramic Society,
Date of publication, distribution, etc. c2002.
300 ## - PHYSICAL DESCRIPTION
Extent x, 260 p. :
Other physical details ill. ;
Dimensions 24 cm.
440 #0 - SERIES STATEMENT/ADDED ENTRY--TITLE
Title Ceramic transactions ;
Volume/sequential designation v. 127
502 ## - DISSERTATION NOTE
Dissertation note 0
504 ## - BIBLIOGRAPHY, ETC. NOTE
Bibliography, etc. note Includes bibliographical references and index.
650 #0 - SUBJECT ADDED ENTRY--TOPICAL TERM
Topical term or geographic name entry element Ceramic materials
Form subdivision Congresses.
700 1# - ADDED ENTRY--PERSONAL NAME
Personal name Manthiram, Arumugam.
Relator code edt
710 2# - ADDED ENTRY--CORPORATE NAME
Corporate name or jurisdiction name as entry element American Chemical Society.
710 2# - ADDED ENTRY--CORPORATE NAME
Corporate name or jurisdiction name as entry element American Ceramic Society.
Subordinate unit Meeting
Number of part/section/meeting (102nd :
Date of meeting or treaty signing 2000 :
Location of meeting Saint Louis, Mo.)
710 2# - ADDED ENTRY--CORPORATE NAME
Corporate name or jurisdiction name as entry element American Ceramic Society.
Subordinate unit Meeting
Number of part/section/meeting (103rd :
Date of meeting or treaty signing 2001 :
Location of meeting Indianapolis, Ind.)
856 42 - ELECTRONIC LOCATION AND ACCESS
Materials specified Publisher description
Uniform Resource Identifier <a href="http://www.loc.gov/catdir/enhancements/fy0902/2004297105-d.html">http://www.loc.gov/catdir/enhancements/fy0902/2004297105-d.html</a>
856 41 - ELECTRONIC LOCATION AND ACCESS
Materials specified Table of contents only
Uniform Resource Identifier <a href="http://www.loc.gov/catdir/enhancements/fy0902/2004297105-t.html">http://www.loc.gov/catdir/enhancements/fy0902/2004297105-t.html</a>
906 ## - LOCAL DATA ELEMENT F, LDF (RLIN)
a 7
b cbc
c copycat
d 2
e ncip
f 20
g y-gencatlg
942 ## - ADDED ENTRY ELEMENTS (KOHA)
Source of classification or shelving scheme
Koha item type Book
Holdings
Withdrawn status Lost status Source of classification or shelving scheme Damaged status Not for loan Collection code Permanent Location Current Location Shelving location Date acquired Source of acquisition Total Checkouts Full call number Barcode Date last seen Price effective from Koha item type
            US-Pakistan Center for Advanced Studies in Energy (USPCAS-E) US-Pakistan Center for Advanced Studies in Energy (USPCAS-E)   10/28/2015 Victoria co   621.312429 MAT 2002 CAS-E0000610 10/28/2015 10/28/2015 Book
© 2023 Central Library, National University of Sciences and Technology. All Rights Reserved.